[Event "Titled Tuesday intern op 18th Aug"]
[Site "Chess.com INT"]
[Date "2020.08.18"]
[Round "2"]
[White "Golubev, Mikhail"]
[Black "Karjakin, Sergey"]
[Result "0-1"]
[WhiteElo "2461"]
[BlackElo "2752"]
[PlyCount "116"]
[EventDate "2020.08.18"]
[EventType "swiss (blitz)"]
[EventRounds "10"]
[EventCountry "USA"]
[SourceTitle "CBM 197 Extra"]
[Source "ChessBase"]
[SourceDate "2020.09.30"]
[SourceVersion "1"]
[SourceVersionDate "2020.09.30"]
[SourceQuality "1"]

1. e4 e5 2. Nf3 Nc6 3. Nc3 Nf6 4. d4 exd4 5. Nxd4 Bb4 6. Nxc6 bxc6 7. Bd3 O-O
8. O-O d5 9. Bd2 Re8 10. Nxd5 Nxd5 11. exd5 Bxd2 12. Qxd2 cxd5 13. Bb5 Re6 14.
Rfe1 Rb8 15. Bc4 Rxe1+ 16. Rxe1 Be6 17. Bb3 h6 18. Rd1 Qf6 19. c3 c6 20. Qd4
Qxd4 21. cxd4 Kf8 22. f3 Ke7 23. Kf2 a5 24. Rc1 Kd6 25. Rc5 a4 26. Bxa4 Rxb2+
27. Rc2 Rb6 28. Bb3 g5 29. Ke3 Rb8 30. Rc5 Bd7 31. Kd2 f5 32. g3 f4 33. Rc1 Rf8
34. gxf4 Rxf4 35. Ke3 Rf8 36. Re1 Bh3 37. Rg1 Rf4 38. Rc1 Rf8 39. a4 Rb8 40.
Rc3 Bd7 41. Kd2 Rb4 42. Ke3 h5 43. Bc2 h4 44. Bb3 Be8 45. Bc2 Rb2 46. f4 gxf4+
47. Kxf4 Bd7 48. Kg5 Rb4 49. Kxh4 Rxd4+ 50. Kg5 c5 51. h4 Rd2 52. Bg6 d4 53.
Rf3 Rg2+ 54. Kf6 c4 55. h5 Rh2 56. Kg7 Bg4 57. Rf4 Bxh5 58. Rxd4+ Kc5 0-1

[Event "Titled Tuesday intern op 18th Aug"]
[Site "Chess.com INT"]
[Date "2020.08.18"]
[Round "3"]
[White "Karjakin, Sergey"]
[Black "Azaladze, Shota"]
[Result "1-0"]
[WhiteElo "2752"]
[BlackElo "2439"]
[PlyCount "105"]
[EventDate "2020.08.18"]
[EventType "swiss (blitz)"]
[EventRounds "10"]
[EventCountry "USA"]
[SourceTitle "CBM 197 Extra"]
[Source "ChessBase"]
[SourceDate "2020.09.30"]
[SourceVersion "1"]
[SourceVersionDate "2020.09.30"]
[SourceQuality "1"]

1. e4 g6 2. d4 Bg7 3. Nf3 c6 4. Nc3 d6 5. h3 e5 6. Be3 Nd7 7. dxe5 dxe5 8. a4
Bh6 9. Bxh6 Nxh6 10. Bc4 O-O 11. Qd6 Re8 12. O-O-O Qe7 13. Ba2 Kg7 14. Qxe7
Rxe7 15. Nd2 Nf8 16. Nc4 Be6 17. Rhe1 f6 18. a5 Nf7 19. Nd6 Bxa2 20. Nxa2 Rd7
21. Nxf7 Kxf7 22. Nb4 Rc8 23. Rxd7+ Nxd7 24. c3 Ke6 25. Kc2 Nc5 26. f3 h5 27.
h4 Rg8 28. Rh1 Kd6 29. Rd1+ Kc7 30. Rh1 Kd6 31. Na2 Ne6 32. Nc1 Nf4 33. g3 Ne6
34. b4 b6 35. axb6 axb6 36. Nd3 Ra8 37. Kb3 b5 38. f4 c5 39. bxc5+ Kc6 40. fxe5
fxe5 41. Nxe5+ Kxc5 42. Rd1 g5 43. hxg5 Rg8 44. Rd5+ Kb6 45. Rd6+ Kc7 46. Rxe6
Rxg5 47. Nf3 Rxg3 48. Nd4 h4 49. Nxb5+ Kd7 50. Rh6 h3 51. e5 Re3 52. e6+ Ke7
53. Nd4 1-0

[Event "Titled Tuesday intern op 18th Aug"]
[Site "Chess.com INT"]
[Date "2020.08.18"]
[Round "4"]
[White "Karjakin, Sergey"]
[Black "Grandelius, Nils"]
[Result "1-0"]
[WhiteElo "2752"]
[BlackElo "2662"]
[PlyCount "87"]
[EventDate "2020.08.18"]
[EventType "swiss (blitz)"]
[EventRounds "10"]
[EventCountry "USA"]
[SourceTitle "CBM 197 Extra"]
[Source "ChessBase"]
[SourceDate "2020.09.30"]
[SourceVersion "1"]
[SourceVersionDate "2020.09.30"]
[SourceQuality "1"]

1. e4 c6 2. d4 d5 3. e5 c5 4. dxc5 e6 5. Nf3 Bxc5 6. Bd3 Ne7 7. O-O Nbc6 8. a3
a6 9. b4 Ba7 10. Bb2 Ng6 11. Nbd2 O-O 12. Re1 Qb6 13. Rf1 Qc7 14. c4 Ncxe5 15.
Nxe5 Nxe5 16. Bxh7+ Kxh7 17. Qh5+ Kg8 18. Bxe5 Qd8 19. c5 f6 20. Bd6 Rf7 21.
Kh1 Bd7 22. f4 Bb5 23. Rfe1 Qe8 24. Qh3 Bd7 25. Qh4 Bb8 26. Bxb8 Rxb8 27. Nf3
Re7 28. Re3 Qg6 29. Rae1 Rbe8 30. h3 Bc6 31. Nd4 e5 32. fxe5 Rxe5 33. Qf4 Re4
34. Rxe4 dxe4 35. Re3 Re5 36. Kh2 Qe8 37. h4 Qd7 38. Ne2 Rf5 39. Qg3 Qe7 40.
Nd4 Re5 41. Qf4 g6 42. Nc2 Kg7 43. Rg3 Rf5 44. Qxf5 1-0

[Event "Titled Tuesday intern op 18th Aug"]
[Site "Chess.com INT"]
[Date "2020.08.18"]
[Round "5"]
[White "Bluebaum, Matthias"]
[Black "Karjakin, Sergey"]
[Result "0-1"]
[WhiteElo "2647"]
[BlackElo "2752"]
[PlyCount "106"]
[EventDate "2020.08.18"]
[EventType "swiss (blitz)"]
[EventRounds "10"]
[EventCountry "USA"]
[SourceTitle "CBM 197 Extra"]
[Source "ChessBase"]
[SourceDate "2020.09.30"]
[SourceVersion "1"]
[SourceVersionDate "2020.09.30"]
[SourceQuality "1"]

1. d4 Nf6 2. c4 e6 3. Nc3 Bb4 4. e3 O-O 5. Bd2 b6 6. Nf3 Bb7 7. Bd3 d5 8. cxd5
exd5 9. O-O Re8 10. Ne5 c5 11. a3 Ba5 12. Rb1 c4 13. Bc2 Nc6 14. Nxc6 Bxc6 15.
b4 cxb3 16. Bxb3 Rc8 17. Ne2 Bxd2 18. Qxd2 Bb5 19. Bc2 Bxe2 20. Qxe2 Rc3 21. a4
Qc7 22. Bd3 g6 23. h3 Kg7 24. Ba6 Rc2 25. Qd1 Re6 26. Bb5 Ne4 27. Rc1 Rc3 28.
Rxc3 Qxc3 29. Qc1 Qb4 30. Qc2 Rf6 31. Rb1 Qa3 32. Rf1 h5 33. Bd3 Nc3 34. Rc1
Rc6 35. Kh2 Rc7 36. Qd2 Ne4 37. Bxe4 Qxc1 38. Qxc1 Rxc1 39. Bxd5 a6 40. Kg3 b5
41. axb5 axb5 42. Kf3 Rc2 43. Be4 Ra2 44. Bd5 Rd2 45. e4 Rxd4 46. Ke3 Rd1 47.
Ke2 Rxd5 48. exd5 Kf6 49. f4 Ke7 50. Kd3 Kd6 51. Kd4 h4 52. Ke4 f6 53. Kd4 f5
0-1

[Event "Titled Tuesday intern op 18th Aug"]
[Site "Chess.com INT"]
[Date "2020.08.18"]
[Round "6"]
[White "Jobava, Baadur"]
[Black "Karjakin, Sergey"]
[Result "1-0"]
[WhiteElo "2603"]
[BlackElo "2752"]
[PlyCount "73"]
[EventDate "2020.08.18"]
[EventType "swiss (blitz)"]
[EventRounds "10"]
[EventCountry "USA"]
[SourceTitle "CBM 197 Extra"]
[Source "ChessBase"]
[SourceDate "2020.09.30"]
[SourceVersion "1"]
[SourceVersionDate "2020.09.30"]
[SourceQuality "1"]

1. d4 Nf6 2. c4 e6 3. Nc3 Bb4 4. e3 O-O 5. Nge2 d5 6. a3 Be7 7. cxd5 exd5 8. b4
Re8 9. Ng3 a5 10. Rb1 axb4 11. axb4 Nbd7 12. Bd3 Nb6 13. O-O Bd7 14. Re1 Na4
15. Nxa4 Bxa4 16. Qf3 Bd7 17. h3 g6 18. Bd2 Ra3 19. Qe2 Bd6 20. Nf1 Qe7 21. Ra1
Bxb4 22. Bxb4 Qxb4 23. Reb1 Qc3 24. Rxa3 Qxa3 25. Rxb7 Qd6 26. Qc2 c6 27. Ra7
Rb8 28. Nd2 Qb4 29. Nf3 Rb7 30. Rxb7 Qxb7 31. Ne5 Qb6 32. Qc3 Kg7 33. Qa3 Qd8
34. Qd6 Qe8 35. Bc2 h5 36. h4 Qc8 37. Bxg6 1-0

[Event "Titled Tuesday intern op 18th Aug"]
[Site "Chess.com INT"]
[Date "2020.08.18"]
[Round "7"]
[White "Karjakin, Sergey"]
[Black "Sjugirov, Sanan"]
[Result "1-0"]
[WhiteElo "2752"]
[BlackElo "2675"]
[PlyCount "63"]
[EventDate "2020.08.18"]
[EventType "swiss (blitz)"]
[EventRounds "10"]
[EventCountry "USA"]
[SourceTitle "CBM 197 Extra"]
[Source "ChessBase"]
[SourceDate "2020.09.30"]
[SourceVersion "1"]
[SourceVersionDate "2020.09.30"]
[SourceQuality "1"]

1. e4 e5 2. Nf3 Nc6 3. Bc4 Bc5 4. c3 Nf6 5. d3 d6 6. O-O O-O 7. Re1 a5 8. Bb3
h6 9. Nbd2 Be6 10. Ba4 Ng4 11. Re2 f5 12. h3 Nf6 13. Bb3 Bxb3 14. Qxb3+ Kh7 15.
exf5 Bb6 16. Ne4 Qd7 17. g4 g6 18. fxg6+ Kxg6 19. Nh4+ Kh7 20. Nf5 Ng8 21. Be3
Bxe3 22. Rxe3 Nce7 23. Neg3 Nxf5 24. Nxf5 b6 25. d4 Ne7 26. Nxe7 Qxe7 27. dxe5
dxe5 28. Rae1 Qf6 29. Qc2+ Kh8 30. Rxe5 Rad8 31. Re6 Qf4 32. Re7 1-0

[Event "Titled Tuesday intern op 18th Aug"]
[Site "Chess.com INT"]
[Date "2020.08.18"]
[Round "8"]
[White "Bartel, Mateusz"]
[Black "Karjakin, Sergey"]
[Result "0-1"]
[WhiteElo "2643"]
[BlackElo "2752"]
[PlyCount "82"]
[EventDate "2020.08.18"]
[EventType "swiss (blitz)"]
[EventRounds "10"]
[EventCountry "USA"]
[SourceTitle "CBM 197 Extra"]
[Source "ChessBase"]
[SourceDate "2020.09.30"]
[SourceVersion "1"]
[SourceVersionDate "2020.09.30"]
[SourceQuality "1"]

1. e4 e5 2. Nf3 Nc6 3. Bb5 Nf6 4. d3 Bc5 5. Nc3 O-O 6. Bg5 h6 7. Bh4 Nd4 8.
Nxd4 Bxd4 9. Bc4 c6 10. Bb3 a5 11. a4 d6 12. Ne2 Bb6 13. O-O g5 14. Bg3 Nh5 15.
d4 Qf6 16. c3 Nf4 17. Kh1 h5 18. h3 h4 19. Bxf4 gxf4 20. Qd3 Kh8 21. Rad1 Bc7
22. Qf3 Qg5 23. dxe5 dxe5 24. Rd2 Bd8 25. Rfd1 Be7 26. Nc1 Kg7 27. Nd3 Rh8 28.
Ne1 Rh6 29. Qd3 Rg6 30. Qf3 b6 31. Bc4 Rb8 32. b3 b5 33. axb5 cxb5 34. Bd5 Rbb6
35. c4 bxc4 36. Bxc4 Rbd6 37. Rd5 Bb7 38. Rxd6 Bxd6 39. Bd5 Ba6 40. Rc1 Bb4 41.
Nc2 Be2 0-1

[Event "Titled Tuesday intern op 18th Aug"]
[Site "Chess.com INT"]
[Date "2020.08.18"]
[Round "9"]
[White "Karjakin, Sergey"]
[Black "Savchenko, Boris"]
[Result "0-1"]
[WhiteElo "2752"]
[BlackElo "2564"]
[PlyCount "58"]
[EventDate "2020.08.18"]
[EventType "swiss (blitz)"]
[EventRounds "10"]
[EventCountry "USA"]
[SourceTitle "CBM 197 Extra"]
[Source "ChessBase"]
[SourceDate "2020.09.30"]
[SourceVersion "1"]
[SourceVersionDate "2020.09.30"]
[SourceQuality "1"]

1. e4 c5 2. Nf3 d6 3. d4 cxd4 4. Nxd4 Nf6 5. Nc3 a6 6. Bd3 Nc6 7. Nxc6 bxc6 8.
b3 g6 9. Bb2 Bg7 10. Na4 O-O 11. O-O e5 12. c4 c5 13. Qd2 Nh5 14. Rfe1 Nf4 15.
Bf1 Bh6 16. Kh1 Qh4 17. Qxd6 Nxg2 18. Qxe5 f6 19. Qd5+ Kh8 20. e5 Bf4 21. Qxg2
Bb7 22. Kg1 Bxg2 23. Bxg2 fxe5 24. h3 Rad8 25. Re2 Rd3 26. Nxc5 Rxh3 27. Rxe5
Rh1+ 28. Bxh1 Bh2+ 29. Kf1 Qxf2# 0-1

[Event "Titled Tuesday intern op 18th Aug"]
[Site "Chess.com INT"]
[Date "2020.08.18"]
[Round "10"]
[White "Sorokin, Aleksey"]
[Black "Karjakin, Sergey"]
[Result "0-1"]
[WhiteElo "2521"]
[BlackElo "2752"]
[PlyCount "72"]
[EventDate "2020.08.18"]
[EventType "swiss (blitz)"]
[EventRounds "10"]
[EventCountry "USA"]
[SourceTitle "CBM 197 Extra"]
[Source "ChessBase"]
[SourceDate "2020.09.30"]
[SourceVersion "1"]
[SourceVersionDate "2020.09.30"]
[SourceQuality "1"]

1. d4 Nf6 2. c4 e6 3. Nf3 d5 4. g3 Bb4+ 5. Bd2 Be7 6. Bg2 Nbd7 7. O-O O-O 8.
Qc2 c6 9. Rd1 b6 10. Ne5 Nxe5 11. dxe5 Nd7 12. cxd5 cxd5 13. e4 d4 14. Bf4 g5
15. Bc1 Nxe5 16. Be3 dxe3 17. Rxd8 exf2+ 18. Kh1 Rxd8 19. Nc3 Bc5 20. b4 Bd4
21. Rd1 Ba6 22. Rxd4 Rxd4 23. Qxf2 Rd3 24. b5 Rxc3 25. Qd2 Rac8 26. Qxg5+ Ng6
27. h4 R3c5 28. Qh6 Bxb5 29. h5 Be2 30. Kg1 Bxh5 31. Qe3 Bg4 32. Qa3 R8c7 33.
Qd3 Rc1+ 34. Kh2 R7c2 35. e5 Kg7 36. Qd8 Rf2 0-1

[Event "Titled Tuesday intern op 15t Sept"]
[Site "Chess.com INT"]
[Date "2020.09.15"]
[Round "2"]
[White "Karjakin, Sergey"]
[Black "Kiseleva, Arina"]
[Result "1-0"]
[WhiteElo "2752"]
[BlackElo "2024"]
[PlyCount "67"]
[EventDate "2020.09.15"]
[EventType "swiss (blitz)"]
[EventRounds "10"]
[EventCountry "USA"]
[SourceTitle "EXT 2021"]
[Source "ChessBase"]
[SourceDate "2020.10.23"]
[SourceVersion "1"]
[SourceVersionDate "2020.10.23"]
[SourceQuality "1"]

1. b3 Nf6 2. Bb2 g6 3. e4 Bg7 4. e5 Ng8 5. f4 d6 6. Nf3 Nc6 7. Bb5 Bd7 8. O-O
Nh6 9. d4 O-O 10. c4 a6 11. Bxc6 bxc6 12. Nc3 Nf5 13. Qe2 a5 14. Rad1 Qb8 15.
Rfe1 h5 16. h3 Qa7 17. Kh2 Rad8 18. Ne4 Rfe8 19. Neg5 e6 20. g4 hxg4 21. hxg4
Nh6 22. Kg3 d5 23. c5 a4 24. b4 Rb8 25. a3 Bc8 26. Rh1 Ba6 27. Qd2 Bc4 28. Rh3
Qa6 29. Rdh1 Be2 30. Rxh6 Bxh6 31. Rxh6 Kg7 32. Rh7+ Kg8 33. Rxf7 Bxf3 34. Qh2
1-0

[Event "Titled Tuesday intern op 15t Sept"]
[Site "Chess.com INT"]
[Date "2020.09.15"]
[Round "3"]
[White "Karjakin, Sergey"]
[Black "Ward, Ieuan C"]
[Result "1-0"]
[WhiteElo "2752"]
[BlackElo "2028"]
[PlyCount "67"]
[EventDate "2020.09.15"]
[EventType "swiss (blitz)"]
[EventRounds "10"]
[EventCountry "USA"]
[SourceTitle "EXT 2021"]
[Source "ChessBase"]
[SourceDate "2020.10.23"]
[SourceVersion "1"]
[SourceVersionDate "2020.10.23"]
[SourceQuality "1"]

1. e4 c5 2. f4 d6 3. Nf3 Nc6 4. g3 g6 5. Bg2 Bg7 6. O-O e6 7. c3 Nge7 8. Na3
O-O 9. d4 cxd4 10. cxd4 d5 11. e5 h5 12. Be3 Nf5 13. Bf2 Bd7 14. h3 Rc8 15. g4
hxg4 16. hxg4 Nh6 17. Ng5 Qb6 18. Rb1 Na5 19. Bf3 Nc4 20. Kg2 f6 21. exf6 Bxf6
22. Rh1 Bxg5 23. fxg5 Nf7 24. Nxc4 Rxc4 25. Qd3 Kg7 26. b3 Rcc8 27. Bg3 Rh8 28.
Qe3 Qb4 29. Be5+ Kg8 30. Bxh8 Nxh8 31. Rxh8+ Kxh8 32. Rh1+ Kg8 33. Qe5 Qd2+ 34.
Kg3 1-0

[Event "Titled Tuesday intern op 15t Sept"]
[Site "Chess.com INT"]
[Date "2020.09.15"]
[Round "4"]
[White "Petkov, Momchil"]
[Black "Karjakin, Sergey"]
[Result "0-1"]
[WhiteElo "2358"]
[BlackElo "2752"]
[PlyCount "66"]
[EventDate "2020.09.15"]
[EventType "swiss (blitz)"]
[EventRounds "10"]
[EventCountry "USA"]
[SourceTitle "EXT 2021"]
[Source "ChessBase"]
[SourceDate "2020.10.23"]
[SourceVersion "1"]
[SourceVersionDate "2020.10.23"]
[SourceQuality "1"]

1. e4 c6 2. d4 d5 3. e5 Bf5 4. h4 h6 5. g4 Bd7 6. Nc3 e6 7. h5 c5 8. dxc5 Bxc5
9. f4 Qb6 10. Nh3 f6 11. Bd3 Ne7 12. exf6 gxf6 13. g5 fxg5 14. fxg5 hxg5 15.
Bxg5 Nbc6 16. Na4 Qa5+ 17. c3 Bd6 18. b4 Nxb4 19. cxb4 Bxb4+ 20. Ke2 Bxa4 21.
Qc1 Rxh5 22. Qe3 O-O-O 23. Qxe6+ Bd7 24. Rac1+ Nc6 25. Qg6 Re8+ 26. Kf2 Rhh8
27. Bf5 Bxf5 28. Qxf5+ Kb8 29. Bf4+ Ka8 30. Ng5 Rhf8 31. Qg4 Ne5 32. Qg3 Rxf4+
33. Qxf4 Nd3+ 0-1

[Event "Titled Tuesday intern op 15t Sept"]
[Site "Chess.com INT"]
[Date "2020.09.15"]
[Round "5"]
[White "Ivanisevic, Ivan"]
[Black "Karjakin, Sergey"]
[Result "0-1"]
[WhiteElo "2604"]
[BlackElo "2752"]
[PlyCount "102"]
[EventDate "2020.09.15"]
[EventType "swiss (blitz)"]
[EventRounds "10"]
[EventCountry "USA"]
[SourceTitle "EXT 2021"]
[Source "ChessBase"]
[SourceDate "2020.10.23"]
[SourceVersion "1"]
[SourceVersionDate "2020.10.23"]
[SourceQuality "1"]

1. d4 Nf6 2. Bg5 d5 3. Bxf6 gxf6 4. e3 c5 5. c4 cxd4 6. exd4 Nc6 7. Nc3 dxc4 8.
d5 Ne5 9. Bxc4 Nxc4 10. Qa4+ Bd7 11. Qxc4 Qb6 12. Nge2 Bg7 13. O-O Rc8 14. Qd3
O-O 15. b3 f5 16. Rad1 Qa6 17. Qe3 Qf6 18. Rd3 a6 19. Rfd1 Rfe8 20. Nd4 Rc7 21.
Qg3 Qe5 22. Nce2 Qxg3 23. hxg3 Rec8 24. a4 e5 25. dxe6 fxe6 26. Nf3 Be8 27. Ng5
Rc6 28. Nf4 e5 29. Nd5 Bf8 30. Ne3 h6 31. Nh3 Bg6 32. Rd7 R8c7 33. Nc4 Bg7 34.
R1d6 Kh7 35. f3 Be8 36. Rd8 Bf7 37. Rxc6 Rxc6 38. Nd6 Be6 39. Nf2 Bf6 40. Rf8
Kg7 41. Rxf6 Kxf6 42. Nxb7 Bxb3 43. Nd3 Bxa4 44. Nbc5 Bb5 45. Nd7+ Ke6 46.
N7xe5 Rd6 47. Nc5+ Kxe5 48. f4+ Kd5 49. Nb3 Kc4 50. Na5+ Kb4 51. Kh2 Kxa5 0-1

[Event "Titled Tuesday intern op 15t Sept"]
[Site "Chess.com INT"]
[Date "2020.09.15"]
[Round "6"]
[White "Karjakin, Sergey"]
[Black "Salinas Herrera, Pablo Patricio"]
[Result "1-0"]
[WhiteElo "2752"]
[BlackElo "2514"]
[PlyCount "75"]
[EventDate "2020.09.15"]
[EventType "swiss (blitz)"]
[EventRounds "10"]
[EventCountry "USA"]
[SourceTitle "EXT 2021"]
[Source "ChessBase"]
[SourceDate "2020.10.23"]
[SourceVersion "1"]
[SourceVersionDate "2020.10.23"]
[SourceQuality "1"]

1. e4 c5 2. Nf3 d6 3. d4 cxd4 4. Nxd4 Nf6 5. Nc3 a6 6. Bd3 e6 7. f4 Qc7 8. a4
Be7 9. g4 Nc6 10. Nb3 Nd7 11. g5 h6 12. Qh5 g6 13. Qh3 h5 14. Be3 b6 15. f5
Nde5 16. f6 Bf8 17. Qg2 h4 18. h3 Nb4 19. Rd1 Bd7 20. Qf2 Rb8 21. O-O Nexd3 22.
cxd3 e5 23. Kh2 Be6 24. Nc1 d5 25. exd5 Nxd5 26. Nxd5 Bxd5 27. Ne2 Be6 28. Nc3
Bb4 29. Ne4 Qd7 30. d4 Qxa4 31. dxe5 Kf8 32. Rd4 Qb5 33. Rfd1 Re8 34. Bf4 Bc5
35. Nxc5 bxc5 36. Rd8 Kg8 37. R1d6 Rxd8 38. Rxd8+ 1-0

[Event "Titled Tuesday intern op 15t Sept"]
[Site "Chess.com INT"]
[Date "2020.09.15"]
[Round "7"]
[White "Khamrakulov, Djurabek"]
[Black "Karjakin, Sergey"]
[Result "0-1"]
[WhiteElo "2514"]
[BlackElo "2752"]
[PlyCount "86"]
[EventDate "2020.09.15"]
[EventType "swiss (blitz)"]
[EventRounds "10"]
[EventCountry "USA"]
[SourceTitle "EXT 2021"]
[Source "ChessBase"]
[SourceDate "2020.10.23"]
[SourceVersion "1"]
[SourceVersionDate "2020.10.23"]
[SourceQuality "1"]

1. e4 e5 2. Nf3 Nc6 3. d4 exd4 4. Nxd4 Nf6 5. Nxc6 bxc6 6. Nc3 Bc5 7. Bd3 O-O
8. O-O d6 9. Na4 Bd4 10. c3 Bb6 11. Bg5 h6 12. Bh4 Re8 13. Re1 g5 14. Bg3 Nd7
15. Qh5 Qf6 16. Nxb6 axb6 17. Re3 Ne5 18. Bxe5 Rxe5 19. Qe2 c5 20. a4 Bb7 21.
f3 Bc6 22. Bb5 Bxb5 23. Qxb5 d5 24. Rae1 Rae8 25. Qd3 c4 26. Qd2 dxe4 27. Rxe4
Rxe4 28. Rxe4 Rxe4 29. fxe4 Qe5 30. Qd4 Qf4 31. Qxc4 Qc1+ 32. Kf2 Qxb2+ 33. Kf3
c5 34. Qd3 Qb3 35. h4 gxh4 36. Kg4 Qxa4 37. Kxh4 Qe8 38. Qg3+ Kh7 39. Qf4 Qe6
40. Kg3 b5 41. e5 Qg6+ 42. Kf3 Kg7 43. Ke3 Qg5 0-1

[Event "Titled Tuesday intern op 15t Sept"]
[Site "Chess.com INT"]
[Date "2020.09.15"]
[Round "8"]
[White "Karjakin, Sergey"]
[Black "Drygalov, Andrey"]
[Result "1-0"]
[WhiteElo "2752"]
[BlackElo "2495"]
[PlyCount "66"]
[EventDate "2020.09.15"]
[EventType "swiss (blitz)"]
[EventRounds "10"]
[EventCountry "USA"]
[SourceTitle "EXT 2021"]
[Source "ChessBase"]
[SourceDate "2020.10.23"]
[SourceVersion "1"]
[SourceVersionDate "2020.10.23"]
[SourceQuality "1"]

1. e4 c5 2. Nf3 d6 3. d4 cxd4 4. Nxd4 Nf6 5. Nc3 a6 6. Bd3 e5 7. Nde2 Be6 8. f4
Be7 9. O-O Nc6 10. f5 Bd7 11. Be3 b5 12. Nd5 Nxd5 13. exd5 Nb4 14. Be4 a5 15.
Ng3 Bg5 16. Qd2 Bxe3+ 17. Qxe3 Na6 18. Nh5 Qh4 19. Nxg7+ Kf8 20. g3 Qg4 21. f6
Nc5 22. Bf5 Bxf5 23. Nxf5 Rd8 24. Nxd6 Qd4 25. Qxd4 exd4 26. Nxb5 Rxd5 27. Rad1
Ne6 28. c4 Rd7 29. Rf5 Ke8 30. c5 Rd8 31. c6 Rb8 32. Rd5 h5 33. Nxd4 Rh6 1-0

[Event "Titled Tuesday intern op 15t Sept"]
[Site "Chess.com INT"]
[Date "2020.09.15"]
[Round "9"]
[White "Adhiban, Baskaran"]
[Black "Karjakin, Sergey"]
[Result "1/2-1/2"]
[WhiteElo "2659"]
[BlackElo "2752"]
[PlyCount "111"]
[EventDate "2020.09.15"]
[EventType "swiss (blitz)"]
[EventRounds "10"]
[EventCountry "USA"]
[SourceTitle "EXT 2021"]
[Source "ChessBase"]
[SourceDate "2020.10.23"]
[SourceVersion "1"]
[SourceVersionDate "2020.10.23"]
[SourceQuality "1"]

1. e4 e5 2. Bc4 Nf6 3. d3 Nc6 4. Nc3 Na5 5. Qf3 c6 6. a4 Nxc4 7. dxc4 d6 8.
Nge2 Be7 9. O-O O-O 10. h3 Be6 11. b3 a6 12. Rd1 Qc7 13. a5 Rfe8 14. Ng3 Bf8
15. Nf5 Bxf5 16. Qxf5 Re6 17. Be3 g6 18. Qf3 Bg7 19. c5 dxc5 20. Bxc5 Nd7 21.
Be3 Bf8 22. Na4 Rd8 23. Nb6 Nxb6 24. Bxb6 Rxd1+ 25. Rxd1 Qe7 26. Rd8 Kg7 27. g3
Rd6 28. Rb8 Qd7 29. Kg2 Rf6 30. Qd3 Rd6 31. Qc3 Re6 32. Rd8 Qe7 33. Qf3 Rd6 34.
Rb8 Re6 35. c3 Qd7 36. Rd8 Qe7 37. b4 c5 38. Rb8 cxb4 39. cxb4 Qxb4 40. Rxb7
Rf6 41. Qxf6+ Kxf6 42. Bd8+ Ke6 43. Rxb4 Bxb4 44. Kf3 Kd7 45. Bb6 h5 46. g4
hxg4+ 47. Kxg4 Ke6 48. f3 Be7 49. h4 Kd7 50. h5 gxh5+ 51. Kxh5 Ke6 52. Kg4 Bf6
53. Bc7 Be7 54. Bb6 Bf6 55. Bc7 Be7 56. Bb6 1/2-1/2

[Event "Titled Tuesday intern op 15t Sept"]
[Site "Chess.com INT"]
[Date "2020.09.15"]
[Round "10"]
[White "Karjakin, Sergey"]
[Black "Alekseenko, Kirill"]
[Result "0-1"]
[WhiteElo "2752"]
[BlackElo "2696"]
[PlyCount "110"]
[EventDate "2020.09.15"]
[EventType "swiss (blitz)"]
[EventRounds "10"]
[EventCountry "USA"]
[SourceTitle "EXT 2021"]
[Source "ChessBase"]
[SourceDate "2020.10.23"]
[SourceVersion "1"]
[SourceVersionDate "2020.10.23"]
[SourceQuality "1"]

1. e4 e5 2. Nf3 Nc6 3. Bb5 a6 4. Ba4 d6 5. O-O Bd7 6. c3 Nge7 7. d4 Ng6 8. d5
Nb8 9. Bxd7+ Qxd7 10. c4 Be7 11. Nc3 O-O 12. Be3 f5 13. exf5 Qxf5 14. Nd2 Nh4
15. g3 Qg6 16. Kh1 Nf5 17. Nde4 Nd7 18. Qd3 Rf7 19. f3 Raf8 20. Bg1 Kh8 21.
Rae1 Nf6 22. Qd1 Nh5 23. Re2 Qh6 24. Rg2 Ne3 25. Bxe3 Qxe3 26. Rgf2 g6 27. Kg2
Ng7 28. Re1 Nf5 29. Qe2 Qa7 30. Qd3 Qb8 31. a4 a5 32. Nb5 b6 33. b3 Qd8 34. Qc3
Kg8 35. Ref1 Bg5 36. Re2 Bh6 37. Qd3 Bg7 38. Ree1 h5 39. h4 Bh6 40. Re2 Rg7 41.
Rh1 Qe8 42. Kf1 g5 43. hxg5 Bxg5 44. Ke1 Bh6 45. Rh3 Qg6 46. Reh2 h4 47. g4 Bf4
48. Rg2 Qh6 49. Ke2 Bc1 50. Kd1 Ne3+ 51. Kxc1 Nxg2+ 52. g5 Rxg5 53. Nxg5 Qxg5+
54. Kb2 Nf4 55. Qd2 Nxh3 0-1

[Event "Titled Tuesday intern op 22nd Sept"]
[Site "Chess.com INT"]
[Date "2020.09.22"]
[Round "1"]
[White "Karjakin, Sergey"]
[Black "De Silva, LMST."]
[Result "1-0"]
[WhiteElo "2752"]
[BlackElo "2153"]
[PlyCount "133"]
[EventDate "2020.09.22"]
[EventType "swiss (blitz)"]
[EventRounds "10"]
[EventCountry "USA"]
[SourceTitle "EXT 2021"]
[Source "ChessBase"]
[SourceDate "2020.10.23"]
[SourceVersion "1"]
[SourceVersionDate "2020.10.23"]
[SourceQuality "1"]

1. e4 e5 2. Nf3 Nc6 3. Bc4 Nf6 4. d3 Bc5 5. O-O O-O 6. a4 a5 7. c3 d5 8. exd5
Nxd5 9. Nbd2 Nb6 10. Bb5 Bd6 11. Ne4 Bg4 12. h3 Bh5 13. Ng3 Bg6 14. d4 exd4 15.
Bxc6 bxc6 16. Nxd4 Qd7 17. Nf3 Rad8 18. Bg5 f6 19. Be3 Nd5 20. Bd2 Rfe8 21. Re1
Nb6 22. Qb3+ Bf7 23. Qc2 Nc4 24. Rxe8+ Qxe8 25. Re1 Qd7 26. Bc1 Bxg3 27. fxg3
Bg6 28. Qf2 Nd6 29. Kh2 Ne4 30. Qd4 Nd6 31. Bf4 Bf7 32. Qc5 Nb7 33. Qa7 Qc8 34.
Nd4 Bd5 35. Re7 Qa8 36. Qxa8 Rxa8 37. Rxc7 Nc5 38. Nf5 Ne6 39. Rb7 Nxf4 40.
gxf4 Bf7 41. Ne7+ Kf8 42. Nxc6 Bd5 43. Rb6 Re8 44. Nd4 Re1 45. Rb5 Be4 46. Rxa5
Rb1 47. Rb5 Ra1 48. a5 g5 49. Kg3 gxf4+ 50. Kxf4 f5 51. b4 Bd3 52. Rb8+ Ke7 53.
Ke5 Rf1 54. Rb7+ Kd8 55. Kd6 Re1 56. Nc6+ Kc8 57. Re7 Rxe7 58. Nxe7+ Kb8 59.
Nd5 Be4 60. g3 Ka7 61. Nf4 Ka6 62. Kc5 Bd3 63. h4 Be4 64. c4 Ka7 65. Nd5 Kb7
66. b5 Ka7 67. a6 1-0